Sports Quiz

Random Sports or Tennis Quiz

Quick Pick: Wimbledon 2019 Quarter-Finalists (Men) Quiz Stats

 Plays Quiz not verified by Sporcle

Support Sporcle.
Go Orange.
Score 0/8 Timer 01:00
0 Plays Today
% Correct
Roger Federer
96.6%
Novak Djokovic
96.6%
Rafael Nadal
94.4%
Roberto Bautista Agut
93.3%
Kei Nishikori
80.9%
David Goffin
80.9%
Sam Querrey
79.8%
Guido Pella
71.9%

You're not logged in!

Compare scores with friends on all Sporcle quizzes.
OR
Log In

From the Vault

TV Show Intro Music (A-Z)

by slipkid

Any quiz that involves TV theme songs just puts us in a good mood.
Remove Ads.
Support Sporcle.
Get the best of Sporcle when you Go Orange. This ad-free experience offers more features, more stats, and more fun while also helping to support Sporcle. Thank you for becoming a member.

Show Comments

Extras

Top Quizzes Today


Score Distribution

Your Account Isn't Verified!

In order to create a playlist on Sporcle, you need to verify the email address you used during registration. Go to your Sporcle Settings to finish the process.

Report this User

Report this user for behavior that violates our Community Guidelines.

Details: